| 000 | 00569cam a22002052 4500 | ||
|---|---|---|---|
| 001 | 0000002563 | ||
| 005 | 20151217151858.0 | ||
| 008 | 070413s xx 000 0 eng d | ||
| 020 | _a0826321887 : | ||
| 040 |
_aKABU _cKABU |
||
| 050 | 0 |
_aND259 _b.K34T53 |
|
| 100 | 1 |
_aTibol, Raguel. _@0000151969 |
|
| 245 | 1 | 0 |
_aFrida Kahlo : _ban open life. |
| 260 |
_aAlbuqurque : _bUniversity of New Mexico Press, _c1963. |
||
| 300 | _a230 p. | ||
| 700 | 1 |
_aKahlo, Frida. _@0000084394 |
|
| 908 | _a070413 | ||
| 950 | _@1 | ||
| 999 |
_c5915 _d5915 |
||